[Event "Leiden SB-ch 1920"]
[Site "Leiden"]
[Date "2019.11.29"]
[Round "2"]
[White "Van der Marel, Lambertus"]
[Black "Van der Velden, Bram"]
[Result "1/2-1/2"]
[WhiteElo "2086"]
[BlackElo "2186"]
[PlyCount "132"]
[EventDate "2019.11.08"]
[EventType "swiss"]
[EventRounds "7"]
[EventCountry "NED"]
[SourceTitle "EXT 2023"]
[Source "ChessBase"]
[SourceDate "2022.10.05"]
[SourceVersion "1"]
[SourceVersionDate "2022.10.05"]
[SourceQuality "1"]

1. d4 d5 2. c4 e6 3. Nc3 a6 4. Nf3 dxc4 5. a4 Nf6 6. e4 Bb4 7. Bg5 h6 8. Bxf6 Qxf6 9. Bxc4 c5 10. e5 Qe7 11. 0-0 cxd4 12. Qxd4 Bd7 13. Ne4 Nc6 14. Qe3 Rc8 15. Rfd1 Na5 16. Bd3 Bc6 17. Rac1 Rd8 18. Bc2 Bd5 19. Qf4 Nc4 20. Rd4 a5 21. Bd3 Nxb2 22. Bb5+ Bc6 23. Nd6+ Bxd6 24. exd6 Qf6 25. Qd2 0-0 26. Bxc6 bxc6 27. Rf4 Qxf4 28. Qxf4 Nd3 29. Qe3 Nxc1 30. Qxc1 Rxd6 31. h4 Rc8 32. Qc3 c5 33. Nd2 c4 34. Ne4 Rd3 35. Qxa5 c3 36. Qa6 Rdd8 37. Nxc3 Rxc3 38. a5 Ra3 39. Qa7 Rd1+ 40. Kh2 Rd5 41. a6 Rda5 42. Qe7 Rxa6 43. Qe8+ Kh7 44. Qxf7 R3a5 45. g4 Re5 46. h5 Rg5 47. Qb7 Rga5 48. Kg3 e5 49. Qe4+ Kh8 50. Qc4 Ra8 51. Qc7 Ra3+ 52. Kh4 Rf3 53. Qxe5 Raf8 54. Qe4 Rxf2 55. Qb7 R2f4 56. Kg3 Rd4 57. Qb5 Re4 58. Qb6 Rfe8 59. Kh4 Re1 60. Qc6 R8e5 61. Qc8+ Kh7 62. Qc2+ R5e4 63. Kg3 Kg8 64. Qb3+ Re6 65. Qb8+ Kf7 66. Qb7+ Re7 1/2-1/2

[Event "Groningen Harmonie op-A"]
[Site "Groningen"]
[Date "2003.12.24"]
[Round "4"]
[White "Van der Marel, Lambertus"]
[Black "Van Kooten, Luuk"]
[Result "1/2-1/2"]
[WhiteElo "2186"]
[BlackElo "2269"]
[PlyCount "136"]
[EventDate "2003.12.21"]
[EventType "swiss"]
[EventRounds "9"]
[EventCountry "NED"]
[SourceTitle "CBM 097 Extra"]
[Source "ChessBase"]
[SourceDate "2004.01.13"]
[SourceVersion "1"]
[SourceVersionDate "2004.01.13"]
[SourceQuality "1"]

1. d4 Nf6 2. c4 g6 3. Nc3 Bg7 4. e4 d6 5. Nge2 a6 6. a4 a5 7. Ng3 c6 8. Be2 0-0 9. 0-0 e5 10. d5 Na6 11. Be3 Nc5 12. Ra3 cxd5 13. cxd5 Ne8 14. Qd2 Bd7 15. Nb5 b6 16. f3 h5 17. Nh1 Bf6 18. Nf2 h4 19. g4 Be7 20. Kh1 Nf6 21. Rg1 Kh8 22. Nh3 Nh7 23. Bc4 Rg8 24. Raa1 Rc8 25. Qe2 Ra8 26. Bd2 Rf8 27. Bc3 Kg8 28. b3 Qc8 29. Rac1 Bxb5 30. axb5 Ng5 31. Nf2 Qd7 32. Qe3 Bf6 33. Qe2 Qe7 34. Ra1 Rfc8 35. Rgc1 Nb7 36. Rc2 Qd8 37. Rca2 Nc5 38. Bd2 Nh7 39. Be3 Nd7 40. Nh3 Rab8 41. Nf2 Bg5 42. Nh3 Bxe3 43. Qxe3 g5 44. Nf2 Nhf8 45. Nd1 Ng6 46. Qd2 Qf6 47. Qf2 Nc5 48. Ne3 Qd8 49. Nf5 Ne7 50. Ne3 Ra8 51. Ra3 Ng6 52. Qa2 Qf6 53. Nf5 Ne7 54. Qd2 Kh7 55. Rg1 Nxf5 56. gxf5 Rg8 57. Qe3 Qd8 58. Ra2 f6 59. Rag2 Rg7 60. Rg4 Raa7 61. Qe1 Qc7 62. Qa1 Qd8 63. Qb1 Qc8 64. Rc1 Rac7 65. Rgg1 Nb7 66. Qd3 Nc5 67. Qe3 Qd8 68. Bf1 Qc8 1/2-1/2

[Event "Staunton CC King´s Gambit theme-A"]
[Site "Groningen"]
[Date "2002.09.07"]
[Round "3"]
[White "Geurink, Jasper"]
[Black "Van der Marel, Lambertus"]
[Result "0-1"]
[WhiteElo "2209"]
[BlackElo "2120"]
[PlyCount "104"]
[EventDate "2002.09.??"]
[EventType "tourn"]
[EventRounds "3"]
[EventCountry "NED"]
[SourceTitle "CBM 090 Extra"]
[Source "ChessBase"]
[SourceDate "2002.11.07"]
[SourceVersion "1"]
[SourceVersionDate "2002.11.07"]
[SourceQuality "1"]

1. e4 e5 2. f4 exf4 3. Nf3 g5 4. h4 g4 5. Ne5 Nf6 6. d4 d6 7. Nd3 Nxe4 8. Bxf4 Nc6 9. c3 Bg7 10. Be2 h5 11. d5 0-0 12. dxc6 bxc6 13. Nf2 Re8 14. Nxe4 Rxe4 15. 0-0 Qe7 16. Bg5 f6 17. Bd3 fxg5 18. Bxe4 Qxe4 19. Re1 Qf4 20. Qd2 Be5 21. Qxf4 gxf4 22. Nd2 Be6 23. Nb3 Rb8 24. Rac1 Bxb3 25. axb3 Rxb3 26. Rc2 a5 27. Ra1 Rb5 28. Ra4 Kg7 29. Kf2 Kg6 30. Rc4 c5 31. Ra4 Kf5 32. Re2 d5 33. Rd2 c4 34. Ra1 c6 35. Rad1 Bf6 36. g3 f3 37. Rc2 Rb7 38. Re1 Be5 39. Rd1 Bd6 40. Re1 Bc5+ 41. Kf1 a4 42. Ra1 Ra7 43. Re1 a3 44. bxa3 Rxa3 45. Rd1 Ke4 46. Re1+ Be3 47. Rcc1 Ra2 48. Rcd1 Rf2+ 49. Kg1 Rg2+ 50. Kh1 Re2 51. Rxe2 fxe2 52. Rb1 Bd2 0-1